| 000 | 00516nam a22001697a 4500 | ||
|---|---|---|---|
| 003 | CEME | ||
| 005 | 20210628201707.0 | ||
| 008 | 210215b xxu||||| |||| 00| 0 eng d | ||
| 040 | _c. | ||
| 082 | _a351.1 EST | ||
| 100 |
_aGovernment Of Pakistan _956380 |
||
| 245 | _aThe establishment manual a compendium of laws, rules and instructions relating to establishment matters | ||
| 260 |
_aISLAMABAD _bGOVERNMENT OF PAKISTAN _c1992 |
||
| 300 | _aXIVI,997P | ||
| 650 |
_aESTABLISHMENT MANUAL _956381 |
||
| 942 |
_cBK _2ddc |
||
| 999 |
_c566819 _d566819 |
||